00878cam a22001931 450000100100000000500170001000800410002704000250006810000390009324500670013226000450019930000210024449000660026550001430033160000380047470000500051295201050056299900170066700001634820200929164401.0771005s1960 mx 000 0bspa d aDO-SdBNPbspacBNPHU1 aMontalvo, Juan,d1832-1889.91661110aJuan Montalvo /cestudios y selecciones de Gonzalo Zaldumbide. aPuebla, México :bJ. M. Cajica,c1960. a578 p. ;c22 cm.0 aBiblioteca ecuatoriana mínima. La colonia y la república. aA cabeza de tít.: Publicación auspiciada por la Secretaría General de la Undécima Conferencia Interamericana, Quito, Ecuador, 196014aMONTALVO, JUAN,d1832-18899166111 aZaldumbide, Gonzalo,d1885-1965,esel.936455 001050718MOaGRbGRcCTd2010-03-03iLF1l0o p16348-10r2020-06-25w2020-06-25y1ZNo se presta c15883d15883